Malé a stredné podniky krízu ešte pociťujú

Príčiny pretrvávania krízy malého a stredného podnikania. Finančné a ekonomické postavenie malých podnikov. Formy podpory na zvýšenie zamestnanosti u malých a stredných podnikateľov. Novela zákona č. 5/2004 Z. z. o službách zamestnanosti.

Salvato in:
Dettagli Bibliografici
Autore principale: Sirotka, Vladimír
Natura: Capitolo di libro
Lingua:slovacco
Soggetti:
Tags: Aggiungi Tag
Nessun Tag, puoi essere il primo ad aggiungerne!!

MARC

LEADER 00000nla$a2200000$$$4500
001 0124755
005 20241010073233.8
041 0 |a slo 
044 |a SK 
245 1 0 |a Malé a stredné podniky krízu ešte pociťujú  |c Vladimír Sirotka 
520 |a Príčiny pretrvávania krízy malého a stredného podnikania. Finančné a ekonomické postavenie malých podnikov. Formy podpory na zvýšenie zamestnanosti u malých a stredných podnikateľov. Novela zákona č. 5/2004 Z. z. o službách zamestnanosti. 
610 2 0 |a kríza hospodárska 
610 2 0 |a kríza finančná 
610 2 0 |a podnikanie 
610 2 0 |a podnik malý 
610 2 0 |a podnik stredný 
610 2 0 |a prostredie podnikateľské 
610 2 0 |a solventnosť 
610 2 0 |a disciplína platobná 
610 2 0 |a podpora podnikania 
610 2 0 |a zamestnanosť 
100 1 |a Sirotka, Vladimír